| 000 | 00633nam a2200181Ia 4500 | ||
|---|---|---|---|
| 008 | 090123s9999 xx 000 0 und d | ||
| 082 | _b18909 | ||
| 100 | _aगोखले शरच्चंद्र | ||
| 245 | _aआढावा सत्तांतराचा | ||
| 250 | _a1 | ||
| 260 |
_bकेसरी मुद्रणालय _c1990 |
||
| 300 | _a183 | ||
| 600 | _aगोखले शरच्चंद्र | ||
| 630 | _aआढावा सत्तांतराचा | ||
| 700 | _aगोखले शरच्चंद्र | ||
| 730 | _aआढावा सत्तांतराचा | ||
| 942 | _cBOOK | ||
| 999 |
_c56974 _d56974 |
||